ბათუმის შოთა რუსთაველის სახელმწიფო უნივერსიტეტის ბიბლიოთეკა

მთიულეთის სოფელი ძველად : (ბიბ.ჩანაწერი № 37957)

000 -ლიდერი
ფიქსირებული სიგრძის საკონტროლო ველი 01335nam a2200241Ia 4500
001 - საკონტროლო ნომერი
საკონტროლო ველი 3939
003 - საკონტროლო ნომრის იდენტიფიკატორი
საკონტროლო ველი GE_BSU
005 - ბოლო ოპერაციის თარიღი და დრო
საკონტროლო ველი 20190903153926.0
008 - ფიქსირებული სიგრძის მონაცემთა ელემენტები - ზოგადი ინფორმაცია
ფიქსირებული სიგრძის საკონტროლო ველი 181216s1965||||ge |||||||||||||| ||geo||
040 ## - კატალოგიზაციის წყარო
Transcribing agency GE_BSU
041 ## - ენის კოდი
Language code of text/sound track or separate title geo
080 ## - უნივერსალური ათობითი კლასიფიკაციის ინდექსი
Universal Decimal Classification number 394(479.22) ხ–25
100 ## - მთავარი ჩანაწერი - პიროვნების სახელი
Personal name ხარაძე, რ.
9 (RLIN) 3882
245 ## - ცნობა სათაურის შესახებ
Title მთიულეთის სოფელი ძველად :
Remainder of title ეთნოგრაფიული გამოკვლევა /
Statement of responsibility, etc რედ. ვ. ითონიშვილი ; ივ. ჯავახიშვილის სახ.ისტორიის, არქეოლოგიისა და ეთნოგრაფიის ინ-ტი.
264 ## - წარმოების, გამოცემის, დისტრიბუციის და სხვა ცნობები
გამოცემის, წარმოების, დისტრიბუციის... ადგილი თბ. :
გამოცემის, წარმოების, დისტრიბუციის... სახელწოდება მეცნიერება,
გამოცემის, წარმოების, დისტრიბუციის... თარიღი 1965.
300 ## - ფიზიკური აღწერა
Extent 85 გვ.;
Other physical details 22 სმ.
653 ## - INDEX TERM--UNCONTROLLED
Uncontrolled term ქართველების ეთნოგრაფია
653 ## - INDEX TERM--UNCONTROLLED
Uncontrolled term ქართული წეს-ჩვეულებები
700 ## - ADDED ENTRY--PERSONAL NAME
Personal name რობაქიძე, ა.
Relator term ავტორი
9 (RLIN) 3883
700 ## - ADDED ENTRY--PERSONAL NAME
Personal name ითონიშვილი, ვ.
Relator term რედაქტორი
9 (RLIN) 3884
710 ## - ADDED ENTRY--CORPORATE NAME
Corporate name or jurisdiction name as entry element ივ. ჯავახიშვილის სახ.ისტორიის, არქეოლოგიისა და ეთნოგრაფიის ინ-ტი.
9 (RLIN) 3885
942 ## - ADDED ENTRY ELEMENTS (KOHA)
Koha item type წიგნი
Source of classification or shelving scheme
ეგზემპლარები
ჩამოწერის სტატუსი დაკარგული ეგზემპლარის სტატუსი კლასიფიკაციის წყარო ან თაროზე გაწყობის სქემა დაზიანების სტატუსი არ გაიცემა მუდმივი მდებარეობა (დაცვის ადგილი) ამჟამინდელი ადგილსამყოფელი თაროზე განთავსების ადგილი შეძენის თარიღი ღირებულება, შესყიდვის ნორმალური ფასი სრული შენახვის შიფრი შტრიხკოდი ბოლო ოპერაციის თარიღი ეგზემპლარის მიმდევრობითი ნომერი (კეტერი?) ფასის ძალაში შესვლის თარიღი ეგზემპლარის სახეობა საჯარო შენიშვნა
          ბათუმის შოთა რუსთაველის სახელმწიფო უნივერსიტეტის მთავარი ბიბლიოთეკა ბათუმის შოთა რუსთაველის სახელმწიფო უნივერსიტეტის მთავარი ბიბლიოთეკა წიგნსაცავი 2018-12-17 5.00 394(479.22) ხ–25 5578 2018-12-17 5578 2018-12-17 წიგნი 5 ლ.
          ბათუმის შოთა რუსთაველის სახელმწიფო უნივერსიტეტის მთავარი ბიბლიოთეკა ბათუმის შოთა რუსთაველის სახელმწიფო უნივერსიტეტის მთავარი ბიბლიოთეკა წიგნსაცავი 2018-12-17 3.00 394(479.22) ხ–25 5579 2018-12-17 5579 2018-12-17 წიგნი 3 ლ.